000 00396nam a2200169Ia 4500
001 3344
003 IN-NITTTR
005 20251114232947.0
008 251113s9999||||xx |||||||||||||| ||eng||
040 _beng
040 _cIN-NITTTR
041 _aeng
082 _a370.15 S44E
245 0 _aEducational psychology /
_cSkinner, Charles E., ed.
700 _aSkinner, Charles E.
942 _2ddc
_cBK
999 _c5671
_d5671